000 00552nam a2200217Ia 4500
003 OSt
005 20220928151101.0
006 a|||||r|||| 00| 0
007 ta
008 220927b |||||||| |||| 00| 0 eng d
024 _a112379
037 _cTextual
040 _aSDCL
_cSDCL
_beng
041 _2eng
_aeng
082 _aB321, P3
100 _aMukherjea Kalyan
_9516446
245 0 _aDifferential calculus in normed linear spaces.
260 _c2003
942 _hB321, P3
_cTEXL
_2CC
999 _c848970
_d848970